[Event "Lleida-ch U14"]
[Site "Balaguer"]
[Date "2014.02.01"]
[Round "2.5"]
[White "Costa Esteve, Ricard"]
[Black "Escola Barba, Pau"]
[Result "0-1"]
[WhiteElo "1700"]
[BlackElo "1700"]
[PlyCount "90"]
[EventDate "2014.01.25"]
[EventType "swiss"]
[EventRounds "6"]
[EventCountry "ESP"]
[SourceTitle "EXT 2024"]
[Source "ChessBase"]
[SourceDate "2023.10.10"]
[SourceVersion "1"]
[SourceVersionDate "2023.10.10"]
[SourceQuality "1"]

1. e4 e5 2. Nf3 Nc6 3. Bc4 Bc5 4. 0-0 Nf6 5. Nc3 d6 6. h3 0-0 7. d3 a6 8. Bg5 h6 9. Bh4 b5 10. Bd5 Bb7 11. Re1 g5 12. Qd2 Nxd5 13. Nxd5 Nd4 14. c3 Nxf3+ 15. gxf3 Bxd5 16. exd5 Qf6 17. b4 Bb6 18. Bg3 Qxf3 19. a3 Qxd5 20. Qe2 Rfe8 21. Rad1 Qb3 22. Qh5 Re6 23. d4 Qxc3 24. h4 Bxd4 25. hxg5 Qxg3+ 26. Kh1 Qxg5 27. Rg1 Qxg1+ 28. Rxg1+ Kf8 29. Qg4 Ke7 30. Qg3 e4 31. Qh3 h5 32. Qh4+ Kd7 33. Qxh5 Rh8 34. Qxh8 Bxh8 35. Re1 Bf6 36. Kg2 Bc3 37. Re3 Bd2 38. Re2 e3 39. f3 f5 40. Kg3 Ke7 41. Kh4 Kf6 42. f4 c5 43. bxc5 dxc5 44. Kg3 c4 45. Kg2 c3 0-1